C:llä alkavia sanoja - Statistics

Yleistilastot
  • Tätä visaa on pelattu 20 kertaa
  • Keskiarvotulos 5 / 48
Vastaustilastot
Vastaus % Oikein
Chili
53%
Cancan
24%
Cajun
18%
Calypso
18%
Cannelloni
18%
Cashew
18%
Celsiusaste
18%
Chat
18%
Chinchilla
18%
Churro
18%
Curling
18%
Caesarsalaatti
12%
Camping
12%
Casanova
12%
Cayenne
12%
Cembalo
12%
Cesium
12%
Chihuahua
12%
Croissant
12%
Cumulus
12%
Curry
12%
Cameo
6%
Cantaloupe
6%
Cappuccino
6%
Catwalk
6%
Chai
6%
Charmi
6%
Cheerleader
6%
Chorizo
6%
Ciabatta
6%
Cockerspanieli
6%
Cocktail
6%
Coleslaw
6%
Connemara
6%
Corgi
6%
Cosplay
6%
Country
6%
Couscous
6%
Crossfit
6%
Calzone
0%
Cannoli
0%
Catering
0%
Cheddar
0%
Cheviche
0%
Chia
0%
College
0%
Cortex
0%
Crack
0%
Ehtoja vastaavia visoja ei löytynyt
Tulosjakauma
Jokaisen tuloksen saaneiden osuus
Persentiili vastausten määrän mukaan
Tuloshistoriasi
Et ole pelannut tätä visaa